000 01295naa a22003737a 4500
001 BR9606262
003 BR-BrBNA
005 20250721155539.0
007 ta
008 250630b bl.|||m| |||| 00| 0 por d
040 _aBR-BrBNA
_bpor
_cBiblioteca Nacional de Agricultura
041 _a(Pt)
072 _aF60
_b2320
_b2790
_b1190
_b2121
_b1215
090 _aF60 BR9606262
100 1 _aMartins, C. da S.
100 1 _aPoltronieri, M.C.
100 1 _aKanashiro, M.
100 1 _aAlves, R.M.
100 1 _aGaia, J.M.
100 1 _aIketani, H.
100 1 _aKajita, T.
245 1 _aCaracterizacao bioquimica de germoplasma de fruteiras
500 _aGeracao de tecnologia agroindustrial para o desenvolvimento do tropico umido Belem, PA (Brasil): 1996. p. 161-169 [Summaries (En, Pt)] (BR9606262-AMS)
773 0 _tGeracao de tecnologia agroindustrial para o desenvolvimento do tropico umido
_wF60 BR9606262
_gBelem, PA (Brasil), 1996. p. 161-169
650 _aPimenta do Reino
650 _aJaborandi
650 _aCupuacu
650 _aGuarana
650 _aCastanha do Para
650 _aEletroforese
490 _aDocumentos - Centro de Pesquisa Agroflorestal da Amazonia Oriental (Brazil)
_vno. 85
942 _cAMS
_2AGRIS
909 _a202506
_bLúcia
_c55
_dLúcia Elande
999 _c337157
_d337157